Statistics for NFL Los Angeles Rams 2022-2023 Active Roster

Click here to take the quiz!

General Stats

  • This quiz has been taken 123 times
  • The average score is 17 of 60

Answer Stats

HintAnswer% Correct
QBMatthew Stafford
98%
WRCooper Kupp
92%
RBCam Akers
89%
DTAaron Donald
81%
CBJalen Ramsey
77%
TETyler Higbee
73%
WRAllen Robinson II
68%
DTA'Shawn Robinson
66%
RBDarrell Henderson Jr.
65%
WRVan Jefferson
65%
KMatt Gay
60%
LBBobby Wagner
58%
QBJohn Wolford
56%
NTJonah Williams
48%
RBKyren Williams
48%
WRTutu Atwell
46%
NTBobby Brown III
38%
SSTaylor Rapp
38%
LBErnest Jones
37%
WRBen Skowronek
35%
QBBryce Perkins
35%
LBLeonard Floyd
35%
TRob Havenstein
33%
CBrian Allen
25%
TJoe Noteboom
24%
TA.J. Jackson
22%
CBCobie Durant
20%
SSJordan Fuller
20%
WRBrandon Powell
18%
CBTroy Hill
18%
CBDerion Kendrick
16%
WRLance McCutcheon
15%
TEBrycen Hopkins
14%
GDavid Edwards
12%
CBDavid Long Jr.
12%
RBJake Funk
12%
FSNick Scott
12%
TBobby Evans
11%
GColeman Shelton
11%
GLogan Bruss
11%
PRiley Dixon
9%
DTMichael Hoecht
8%
LSMatthew Orzech
7%
CBRobert Rochell
7%
LBTerrell Lewis
7%
LBChristian Rozeboom
5%
LBJustin Hollins
4%
LBKeir Thomas
4%
DTMarquise Copeland
4%
FSQuentin Lake
4%
FSRuss Yeast
4%
FSTerrell Burgess
4%
GTremayne Anchrum Jr.
4%
NTGreg Gains
3%
LBTravin Howard
3%
LBDaniel Hardy
2%
LBJake Hummel
2%
WRJ.J. Koski
2%
LBJake Gervase
0%
GJeremiah Kolone
0%

Score Distribution

Percentile by Number Answered

Percent of People with Each Score

Your Score History

You have not taken this quiz